000 00451nam a22001697a 4500
003 BD-ChCU
005 20251209124145.0
008 251209b bg ||||| |||| 00| 0 ben d
040 _cBD-ChCU
082 _a330.973 STC
100 _aStern, Frederick Martin.
_917817
245 _aCapitalism in America :
_ba classless Society.
260 _aNew York
_bRInehart.
_c1951
300 _avii, 119p
650 0 _aCapitalism.
_917818
942 _2ddc
_cBK
_n0
999 _c110286
_d110286